000 00893cab a2200277 4500
001 ABS53833
008 090401t1995 xxu||||| |||| 00| 0 eng d
035 _a(Sirsi) u6813
041 _aeng
245 _aSimplified planning zones
260 _c1995
350 _a0
490 _aProperty Law
_v(17) October 1995, 11(1)
520 _aOutlines the legislation which came into force on 30 August 1995.
650 _aPLANNING AND COMPENSATION ACT 1991
650 _aSCOTLAND
650 _aSI 1995:2043
650 _aSI 1995:2044
650 _aSIMPLIFIED PLANNING ZONES
650 _aTOWN AND COUNTRY PLANNING (SCOTLAND) ACT 1972
650 _aTOWN AND COUNTRY PLANNING (SIMPLIFIED PLANNING ZONES)(SCOTLAND) ORDER
650 _aTOWN AND COUNTRY PLANNING (SIMPLIFIED PLANNING ZONES)(SCOTLAND) REGULA
690 _aPLANNING LAW AND PRACTICE
942 _n0
948 _c04/03/1997
999 _c4051
_d4051